000 00378nam a2200145 i 4500
001 43344
003 ES-MaACL
005 20230906160757.0
007 t|
008 030317s1970 sp ||||1| lat d
245 0 0 _aCatalogus Provinciae Baeticae Societatis Jesu, 1971.
260 _a[S.l. :
_bs.n.,
_c1970]
300 _a130 p. ;
_c22 cm.
852 _aES-MaACL
_jC-47565
_bR.75780
999 _c43344
_d43344